00943nam a2200205 i 450000100060000000300090000600500170001500700030003200800410003504000200007610000260009624501930012226001430031530000360045865000340049470000480052885200210057699900170059795201230061468855ES-MaACL20250820124046.0t|960830s1829 fr ||||1| fre d aCAM bspa cCAM1 aGiroud, Henri.95731010aTables de sinus naturels pour la levée des plans de mines et pour faciliter qualques opérations de trigonométrie calculées jusqu'a 100 mètres / cpar MM. Henri Giroud et Lesbros. aGrenoble : bchez Prudhomme libraire-éditeur ; aParis : bchez Bachelier libraire, c1829 (eGrenoble : fImprimerie de C.-P. Baratier) a150 p., [1] h. pleg. ; c22 cm. 7aTrigonometría2embne9176471 aLesbros, Joseph Aimé, d1790-18609165488 aES-MaACLjB-7982 c68855d68855 001040708LIBXIXaATENEOMbATENEOMcSPBd2008-01-17eSCl0oB-7982p1072103r2023-02-23 00:00:00w2023-02-23yMONANT